Η μέτρηση και η αξιολόγηση στις επιστήμες της αγωγής
Αποθηκεύτηκε σε:
| Κύριος συγγραφέας: | |
|---|---|
| Μορφή: | Βιβλίο |
| Γλώσσα: | Greek |
| Δημοσίευση: |
Αθήνα :
[Ορόσημο],
1979.
|
| Θέματα: | |
| Ετικέτες: |
Προσθήκη ετικέτας
Δεν υπάρχουν, Καταχωρήστε ετικέτα πρώτοι!
|
MARC
| LEADER | 00000cam a2200000 i 4500 | ||
|---|---|---|---|
| 001 | 1/92648 | ||
| 008 | 080828m19791980gr | ||| |||| ||gre|| | ||
| 035 | |l 10099704 | ||
| 040 | |a GR-MY-UA |b gre |e aacr | ||
| 041 | 0 | |a gre | |
| 082 | 7 | |a 155.28 |2 (22) | |
| 100 | 1 | |a Τσιμπούκης, Κωνσταντίνος Ι., |d 1934- | |
| 245 | 1 | 2 | |a Η μέτρηση και η αξιολόγηση στις επιστήμες της αγωγής / |c Κωνσταντίνου Ιωάν. Τσιμπούκη. |
| 260 | |a Αθήνα : |b [Ορόσημο], |c 1979. | ||
| 300 | |a 3 τ. : |b πίν., σχεδιαγρ. ; |c 24 εκ. | ||
| 504 | |a Περιλαμβάνει βιβλιογραφίες. | ||
| 505 | 0 | |a Τ.1. Γενικές έννοιες -- τ.2. Νοημοσύνη - Ειδικές ικανότητες -- τ.3. Εκτίμηση της προσωπικότητας | |
| 650 | 0 | 0 | |a Educational tests and measurements. |
| 650 | 0 | 0 | |a Education |x Research. |
| 650 | 0 | 0 | |a Educational psychology. |
| 740 | 0 | 2 | |a Γενικές έννοιες |
| 740 | 0 | 2 | |a Νοημοσύνη - Ειδικές ικανότητες |
| 740 | 0 | |a Εκτίμηση της προσωπικότητας | |
| 852 | |a INST |b RHODES |e 20220920 |h 155.28 ΤΣΙ |p 005400043049 |q 005400043049 |t BK |v τ.2: |y 0 | ||
| 852 | |a INST |b RHODES |c AKA |e 20080904 |h 155.28 ΤΣΙ |p 005400027449 |q 005400027449 |t BK |v τ.2: |y 0 |z τ.2 | ||
| 852 | |a INST |b RHODES |c AKA |e 20080828 |h 155.28 ΤΣΙ |p 005400027450 |q 005400027450 |t BK |v τ.1: |y 0 |z τ.1 | ||
| 852 | |a INST |b RHODES |c AKA |e 20190716 |h 155.28 ΤΣΙ |p 005400040991 |q 005400040991 |t BK |v τ.3: |y 0 | ||
| 853 | |a INST |b RHODES |h 155.28 ΤΣΙ | ||
| 853 | |a INST |b RHODES |c AKA |h 155.28 ΤΣΙ | ||
| 901 | |a BIBL4-2008-2 | ||
| 909 | |a Ρ |b 152805 | ||
| 909 | |a Ρ |b 152804 | ||
| 970 | |a ΧΑΡΙΟΠΟΛΙΤΟΥ |b ΚΩΝΣΤΑΝΤΙΝΑ |z 2008/08/28 | ||